000 00325 a2200145 4500
001 149795
040 _cEscola São Tomás de Aquino
100 _aMACHADO, Ana Maria
240 1 0 _aMelusida
_lpor
245 1 0 _aMelusida
362 0 _a2000
440 1 _aÁtica
697 _aFolclore / Adivinhações / Lendas
942 _cBK
999 _c149795
_d149795